000 004750000a22001570004500
003 MACL
005 20170809123818.0
008 170809b xxu||||| |||| 00| 0 eng d
040 _cmacl
100 _aप्रेमचन्‍दं ,मुंशी
_968574
245 _aचुनी हुई कहानियॉ
260 _bरचना प्रकाशन
_c2011
350 _a250
650 _aकहानियॉ
_968575
942 _cHIN
_k891.433/PRE/S
_2ddc
999 _c45666
_d45666